90 secs World Capitals: by Alphabetical Order - Statistics

General Stats
  • This quiz has been taken 6,343 times
  • The average score is 117 of 196
Answer Stats
Capital City % Correct
Addis Ababa
83%
Algiers
82%
Amman
82%
Belmopan
82%
Palikir
81%
Andorra la Vella
80%
Belgrade
80%
Amsterdam
79%
Beirut
79%
Ankara
77%
Bishkek
77%
Bissau
77%
Ljubljana
77%
Lome
77%
Accra
76%
Antananarivo
76%
Buenos Aires
76%
Lisbon
76%
Luanda
76%
Lusaka
76%
Berlin
75%
Bern
75%
Cairo
75%
London
75%
Panama
75%
Warsaw
75%
Abuja
74%
Bujumbura
74%
Canberra
74%
Vientiane
74%
Vilnius
74%
Windhoek
74%
Castries
73%
Luxembourg
73%
Washington
73%
Apia
72%
Wellington
72%
Asuncion
71%
Athens
71%
Budapest
71%
Caracas
71%
Yamoussoukro
71%
Ashgabat
70%
Asmara
70%
Astana
70%
Baghdad
70%
Basseterre
70%
Helsinki
70%
Paramaribo
70%
Baku
69%
Bamako
69%
Bangui
69%
Bratislava
69%
Brazzaville
69%
Jakarta
69%
Ottawa
69%
Ouagadougou
69%
Paris
69%
Abu Dhabi
68%
Beijing
68%
Bogota
68%
Bridgetown
68%
Honiara
68%
Islamabad
68%
Nouakchott
68%
Banjul
67%
Havana
67%
Phnom Penh
67%
Reykjavik
67%
Chisinau
66%
Hanoi
66%
Harare
66%
Nuku'alofa
66%
Oslo
66%
Riga
66%
Djibouti
65%
Dodoma
65%
Brasilia
64%
Bucharest
63%
Doha
63%
Bandar Seri Begawan
62%
Brussels
62%
Dublin
62%
Jerusalem
62%
Moroni
62%
Nassau
62%
Tirana
62%
Ulaanbaatar
62%
Juba
61%
Lima
61%
Tokyo
61%
Tripoli
61%
Tunis
61%
Dushanbe
60%
Freetown
60%
Guatemala City
60%
Libreville
60%
Madrid
60%
Majuro
60%
Male
60%
Monrovia
60%
Moscow
60%
Muscat
60%
Podgorica
60%
Port Louis
60%
Riyadh
60%
Sofia
60%
Dhaka
59%
Funafuti
59%
Montevideo
59%
Tehran
59%
Bangkok
58%
Damascus
58%
Georgetown
58%
Kabul
58%
Lilongwe
58%
Malabo
58%
Nairobi
58%
Rome
58%
Roseau
58%
Thimphu
58%
Singapore
57%
Skopje
57%
Colombo
56%
Dili
56%
Nicosia
56%
Quito
56%
Rabat
56%
Gaborone
55%
Kampala
55%
Stockholm
55%
Yaounde
55%
Dakar
54%
Saint George's
54%
Copenhagen
53%
Mbabane
53%
Monaco
53%
Sucre
53%
Taipei
53%
Kathmandu
52%
Khartoum
52%
Mogadishu
52%
Suva
52%
Vienna
52%
Conakry
51%
Minsk
51%
Pristina
51%
Saint John's
51%
Sao Tome
51%
Valletta
51%
Maseru
50%
Mexico City
50%
Sarajevo
50%
Victoria
50%
Pyongyang
49%
Vatican City
49%
Kuwait City
48%
Melekeok
48%
Pretoria
48%
Santo Domingo
48%
Seoul
48%
Yaren
48%
Kingstown
46%
Nay Pyi Taw
46%
Kigali
45%
Kingston
45%
N'Djamena
45%
Vaduz
45%
Yerevan
45%
Zagreb
45%
Managua
43%
Manama
43%
Santiago
43%
Kiev
42%
Manila
42%
Sanaa
41%
Tallinn
41%
Tarawa
41%
Praia
40%
Tashkent
40%
New Delhi
39%
San Marino
39%
San Salvador
39%
Tegucigalpa
39%
Kinshasa
38%
Kuala Lumpur
38%
Tbilisi
38%
Port-Vila
37%
Prague
37%
Maputo
36%
Niamey
34%
Port-of-Spain
32%
Porto-Novo
32%
San Jose
32%
Port-au-Prince
25%
Port Moresby
24%
No matching quizzes found
Score Distribution
Percent of People with Each Score
Percentile by Number Answered
Your Score History
You have not taken this quiz